| Tag |
First Indicator |
Second Indicator |
Subfields |
| LEADER |
00000cam a2200000 i 4500 |
| 001 |
in00004690803 |
| 003 |
OCoLC |
| 008 |
220422t20222022enka 001 0 eng d |
| 005 |
20250816185322.7 |
| 020 |
|
|
|a 1838665595
|
| 020 |
|
|
|a 9781838665593
|
| 035 |
|
|
|a (OCoLC)1311953145
|
| 040 |
|
|
|a YDX
|e rda
|c YDX
|d JQF
|d HQC
|d CDX
|d UAP
|
| 050 |
|
4 |
|a NA7120
|b .L68 2022
|
| 082 |
0 |
|
|a 724.6
|
| 245 |
0 |
0 |
|a Living in the forest :
|b contemporary houses in the woods /
|c [project editor, Holly Pollard ; text, Tessa Pearson].
|
| 264 |
|
1 |
|a London ;
|a New York :
|b Phaidon Press,
|c [2022].
|
| 264 |
|
4 |
|c ©2022.
|
| 300 |
|
|
|a 254 pages :
|b color illustrations ;
|c 30 cm.
|
| 336 |
|
|
|a still image
|b sti
|2 rdacontent
|
| 336 |
|
|
|a text
|b txt
|2 rdacontent
|
| 337 |
|
|
|a unmediated
|b n
|2 rdamedia
|
| 338 |
|
|
|a volume
|b nc
|2 rdacarrier
|
| 500 |
|
|
|a Includes index.
|
| 505 |
0 |
|
|a Built to frame the forest -- Built in harmony with the forest -- Built to become the forest.
|
| 520 |
|
|
|a Take a walk through luscious jungles, get lost among snowy evergreens and look out from mossy banks across vast Nordic fjords in Living in the Forest, a dynamic survey of contemporary forest homes. Each architect-designed house, whether demonstrating innovative ecological design or shoring against the elements, explores a different facet of woodland living across a huge range of countries worldwide. The properties are shown throughout the book via stunning exterior and interior photography, and each home is accompanied by an illuminating text to bring the property to life. Connecting us to nature through their affinity with trees, each home in this expertly curated collection powerfully demonstrates the importance of green living. Includes outstanding homes by Helen & Hard, HW Studio, Olson Kundig, Studio MK27 and Studio Saxe alongside emerging studios specializing in environmental design. Showcases beautiful houses located in forests around the world, from Australia, Botswana, Brazil, Canada, Iceland, Japan, Mexico, Norway and Thailand as well as the United Kingdom and United States. Explores unique residences, including a playful treehouse built at a spectacular height, an ingenious sustainable hideaway that leaves no footprint and an urban dwelling boasting an biodiverse jungle ecosystem of its own making.
|
| 650 |
|
0 |
|a Architect-designed houses.
|
| 650 |
|
0 |
|a Architecture, Domestic.
|
| 650 |
|
0 |
|a Architecture, Domestic
|x Environmental aspects.
|
| 650 |
|
0 |
|a Architecture, Modern
|y 21st century.
|
| 650 |
|
0 |
|a Country homes.
|
| 650 |
|
0 |
|a Ecological houses.
|
| 700 |
1 |
|
|a Pearson, Tessa,
|e author.
|
| 700 |
1 |
|
|a Pollard, Holly,
|e editor.
|
| 945 |
|
|
|b 687488
|
| 947 |
|
|
|a A14851391392
|
| 948 |
|
|
|a dmitchel 5/15/23 3.44.28
|
| 999 |
f |
f |
|i 08748387-71b4-4537-b336-ceba88806813
|s 8cd3d222-1eef-44fc-af9d-f60a84ba1598
|t 0
|
| 952 |
f |
f |
|p normal
|a Texas A&M University
|b College Station
|c Sterling C. Evans Library
|d Evans: Library Stacks
|t 0
|e NA7120 .L68 2022
|h Library of Congress classification
|i unmediated -- volume
|m A14851391392
|
| 998 |
f |
f |
|a NA7120 .L68 2022
|t 0
|l Evans: Library Stacks
|